| Tag |
First Indicator |
Second Indicator |
Subfields |
| LEADER |
00000cam a2200000 a 4500 |
| 001 |
in00000026863 |
| 005 |
20151007054555.0 |
| 007 |
he bmb||||||| |
| 008 |
851106r19851984orua bb 00010 eng d |
| 035 |
|
|
|a (OCoLC)12764823
|
| 035 |
|
|
|9 AAB5552AM
|
| 040 |
|
|
|a MUU
|c MUU
|d HPE
|d TXA
|d UtOrBLW
|
| 049 |
|
|
|a TXAI
|
| 099 |
|
|
|a fiche
|a C
|a 9155
|
| 100 |
1 |
|
|a Morley, Susan Lynn.
|
| 245 |
1 |
0 |
|a Alcohol advertising in magazines :
|b strategies for health education programming /
|c by Susan Lynn Morley.
|
| 264 |
|
1 |
|a [Place of publication not identified] :
|b [publisher not identified] ;
|c 1984.
|
| 300 |
|
|
|a iv, 84 leaves :
|b illustrations
|
| 336 |
|
|
|a text
|b txt
|2 rdacontent
|
| 337 |
|
|
|a microform
|b h
|2 rdamedia
|
| 338 |
|
|
|a microfiche
|b he
|2 rdacarrier
|
| 502 |
|
|
|b M. Ed.
|c Pennsylvania State University
|d 1984.
|
| 504 |
|
|
|a Bibliography: leaves 33-34.
|
| 533 |
|
|
|a Microfiche.
|b Eugene :
|c Microform Publications, College of Human Development and Performance, University of Oregon,
|d 1985.
|e 1 microfiche : negative ; 11 x 15 cm.
|
| 500 |
|
|
|a Microform.
|
| 650 |
|
0 |
|a Alcoholism
|x Study and teaching.
|
| 650 |
|
0 |
|a Advertising
|x Alcoholic beverages.
|
| 650 |
|
0 |
|a Advertising, Magazine.
|
| 999 |
|
|
|a MARS
|
| 999 |
f |
f |
|s fd4ae80a-75d2-3e46-af2d-ad20e2ad7e58
|i 04ed1678-cacc-3bd0-8ea6-e739221dece9
|t 0
|
| 952 |
f |
f |
|p normal
|a Texas A&M University
|b College Station
|c Sterling C. Evans Library
|d Evans: Microforms (3rd floor)
|t 0
|e fiche C 9155
|h Other scheme
|i microform -- microfiche
|m A14822856288
|
| 998 |
f |
f |
|a fiche C 9155
|t 0
|l Evans: Microforms (3rd floor)
|